Geologická mapa ČSR. 25-21, Nový Jičín /

Korporativní autor: Ústřední ústav geologický
Další autoři: Opletal, Mojmír, 1941-, Roth, Zdeněk, 1914-, Růžička, M., Český úřad geodetický a kartografický
Jazyk: Čeština
Vydáno: Praha : Vydal Ústřední ústav geologický, 1989
Vydání: Vydání první
Edice: Základní mapa ČSR 1:50 000 ; 25-21, 1989
Soubor geologických a účelových map ; 25-21, 1989
Témata:
Externí odkaz: Digitalizovaný dokument
Fyzický popis: 1 mapa : barevná ; 38 x 49 cm, na listu 48 x 69 cm
Mapy
Uloženo v:
LEADER 02418nem a2200529 i 4500
001 001686706
003 CZ BrMZK
005 20190605112148.0
007 aj|canzn
008 190605s1989 xr a 0| cze d
034 1 |a a  |b 50000  |d E0180005  |e E0182009  |f N0494233  |g N0493216 
040 |a BOA001  |b cze  |e rda 
043 |a e-xr---  |b e-xr-mo 
072 7 |a 55  |x Vědy o Zemi. Geologické vědy  |2 Konspekt  |9 7 
072 7 |a 912  |x Mapy. Atlasy. Glóby  |2 Konspekt  |9 7 
080 |a 55  |2 MRF 
080 |a 913(437.326)  |2 MRF 
080 |a (084.3)55  |2 MRF 
110 2 |a Ústřední ústav geologický  |7 kn20010725011  |4 ctg  |4 pbl 
245 1 0 |a Geologická mapa ČSR.  |n 25-21,  |p Nový Jičín /  |c Sestavil a vydal Ústřední ústav geologický ; Redaktor listu Z. Roth. Spolupráce M. Růžička ; Redaktor řady M. Opletal 
246 3 0 |a 25-21 
246 3 0 |a Nový Jičín 
250 |a Vydání první 
255 |a Měřítko 1:50 000  |c (E 18°00'05"--E 18°20'09"/N 49°42'33"--N 49°32'16") 
264 1 |a Praha :  |b Vydal Ústřední ústav geologický,  |c 1989 
264 3 |a Kolín :  |b Reprodukční zpracování a tisk OT,  |c 1989 
300 |a 1 mapa :  |b barevná ;  |c 38 x 49 cm, na listu 48 x 69 cm 
336 |a kartografický obraz  |b cri  |2 rdacontent 
337 |a bez média  |b n  |2 rdamedia 
338 |a list  |b nb  |2 rdacarrier 
490 1 |a [Základní mapa ČSR 1:50 000] ;  |v 25-21, 1989 
490 1 |a Soubor geologických a účelových map ;  |v 25-21, 1989 
500 |a Další údaje o vydání: Redakční uzávěrka duben 1989 ; Stav ke dni 1. 1. 1982 ; Pro vnitřní potřebu státních orgánů a socialistických organizací 
500 |a Dostupné též v digitální podobě v aplikaci Kramerius 
650 7 |a geologie  |7 ph114622  |2 czenas 
651 7 |a Nový Jičín (Česko : oblast)  |7 ge130247  |2 czenas 
655 7 |a geologické mapy  |7 fd132402  |2 czenas 
700 1 |a Opletal, Mojmír,  |d 1941-  |7 jk01091191  |4 red 
700 1 |a Roth, Zdeněk,  |d 1914-  |7 jk01102785  |4 red 
700 1 |a Růžička, M.  |4 red 
710 2 |a Český úřad geodetický a kartografický  |7 ko2004231816  |4 ctg 
830 0 |a Základní mapa ČSR 1:50 000 ;  |v 25-21, 1989 
830 0 |a Soubor geologických a účelových map ;  |v 25-21, 1989 
856 4 1 |u http://www.digitalniknihovna.cz/mzk/uuid/uuid:0a04ad60-8e74-11e9-a576-005056827e52  |y Digitalizovaný dokument  |x NDK 
910 |a BOA001  |b Mpa-0919.719,25-21-89 
990 |a MP 
991 |b 201906